000 00673nam a2200217Ia 4500
003 GCL
008 140319s9999 xx 000 0 ara d
040 _aGCL /
_cGCL
082 0 4 _a301.2
_bم ت
100 1 _aمحمد عبدالمعبود مرسى
245 1 0 _aالتفسير الاجتماعى للثقافة /
_cمحمد عبدالمعبود مرسى
260 _a[S.N] :
_bدار المعرفة الجامعية ،
_c1990
300 _a73 ص
490 _a
650 0 4 _aالمجتمع
650 0 4 _aالثقافة
650 0 4 _aالاجتماع
650 0 4 _aالتغير الاجتماعى
650 0 4 _aالبناء الاجتماعى
942 _2ddc
_cBK
999 _c32135
_d32135